Normal view
MARC view
- Ethics
Entry Topical Term
001 - CONTROL NUMBER
- control field: 1422
003 - CONTROL NUMBER IDENTIFIER
- control field: OSt
005 - DATE AND TIME OF LATEST TRANSACTION
- control field: 20170504144415.0
008 - FIXED-LENGTH DATA ELEMENTS
- fixed length control field: 170504|| aca||aabn | a|a d
040 ## - CATALOGING SOURCE
- Original cataloging agency: OSt
- Transcribing agency: OSt
150 ## - HEADING--TOPICAL TERM
- Topical term or geographic name entry element: Ethics
- General subdivision: History
- Geographic subdivision: China
670 ## - SOURCE DATA FOUND
- Source citation: Work cat.: (OSt)0: Khoo, Kheng-Hor, 1956- 1421, Winning strategies :, 2000

PORTAL AKMAL
E-MEL JKDM
AKMAL2U
G-BAM
u-PUSTAKA